Youth problems of mainland China / (Record no. 144060)

MARC details
000 -LEADER
campo de control de longitud fija 00482nam a2200169 4500
001 - NÚMERO DE CONTROL
campo de control 144060
003 - IDENTIFICADOR DE NÚMERO DE CONTROL
campo de control ES-MaACL
005 - FECHA Y HORA DE LA ÚLTIMA TRANSACCIÓN
campo de control 20230906200932.0
007 - CAMPO FIJO DE DESCRIPCIÓN FÍSICA--INFORMACIÓN GENERAL
campo de control de longitud fija t|
008 - DATOS DE LONGITUD FIJA--INFORMACIÓN GENERAL
campo de control de longitud fija 070214s1980 sp r ||||1| eng d
100 1# - ENTRADA PRINCIPAL--NOMBRE DE PERSONA
Nombre de persona Shu Hui.
9 (RLIN) 106169
245 10 - MENCIÓN DEL TÍTULO
Título Youth problems of mainland China /
Mención de responsabilidad, etc. Shu Hui.
260 ## - PUBLICACIÓN, DISTRIBUCIÓN, ETC.
Lugar de publicación, distribución, etc. [s.l.] :
Nombre del editor, distribuidor, etc. World Anti-Communist League,
Fecha de publicación, distribución, etc. 1980.
300 ## - DESCRIPCIÓN FÍSICA
Extensión 67 p. ;
Dimensiones 19 cm.
710 2# - ENTRADA AGREGADA--NOMBRE DE ENTIDAD CORPORATIVA
Nombre de entidad corporativa o nombre de jurisdicción como elemento de entrada World Anti-Communist League.
9 (RLIN) 7573
852 ## - LOCALIZACIÓN
Ubicación ES-MaACL
Número de control de estantería C-51120
Sublocalización o colección R.100650
Holdings
Estatus retirado Estado de pérdida Estado de daño No para préstamo Biblioteca de origen Biblioteca actual Ubicación en estantería Fecha de adquisición Fuente de adquisición Total de préstamos Signatura topográfica completa Código de barras Visto por última vez Precio de reemplazo Tipo de ítem Koha
        Biblioteca del Ateneo de Madrid Biblioteca del Ateneo de Madrid Depósito 2 17/01/2008     C-51120 1149884 23/02/2023 23/02/2023 Libro impreso